000 00665 a2200205 4500
001 62726
005 20260407155920.0
008 260407a1983 arg spa d
003 AR-UNSa-BCEJYS
040 _aAR-UNSa-BCEJYS
_bspa
_cAR-UNSa-BCEJYS
080 _a35
_xAdministración Pública
245 1 0 _a34 artículos seleccionados de la revista de administración pública con ocasión de su centenario
020 _a978-84-7351-164-3
264 1 _aMadrid :
_bInstituto Nacional de Administración Pública (INAP)
_c1983
300 _a1198 p.
_c21 cm.
041 _aspa
942 _cBK
590 _aniveau_biblio:m niveau_hierar:0
100 1 _aNieto, Alejandro
999 _c7768
_d7768